| 000 | 00809nmm a2200277 a 4500 | ||
|---|---|---|---|
| 003 | AR-BaBNM | ||
| 005 | 20251128205534.0 | ||
| 008 | 011101s1997 ||||||||||||||000 | spa|| | ||
| 020 | _a950-892-034-3 | ||
| 040 | _cAR-BaBNM | ||
| 100 | 1 | _aFollari, Roberto A. | |
| 245 | 1 | 0 |
_aPsicoanálisis y sociedad _bcrítica del dispositivo pedagógico |
| 260 |
_aBuenos Aires _bLugar Editorial _bIdeas _c1997 |
||
| 300 | 0 | _a155 p. | |
| 500 | 0 | _aIDEAS: INSTITUTO DE ESTUDIOS Y ACCION SOCIAL | |
| 504 | _aContiene bibliografía al final de cada capítulo | ||
| 650 | 4 | _aPSICOANALISIS | |
| 650 | 4 | _aPEDAGOGIA | |
| 650 | 4 | _aTEORIAS DEL APRENDIZAJE | |
| 650 | 4 | _aTEORIAS DE LA EDUCACION | |
| 650 | 4 | _aCULTURA | |
| 650 | 4 | _aRELACION ALUMNO-DOCENTE | |
| 653 | 0 | _aPOSMODERNIDAD | |
| 942 | _cBK | ||
| 998 | _cSILVI | ||
| 999 |
_c11798 _d11798 |
||